Alphabet de la brodeuse (Record no. 8108)

MARC details
000 -CABECERA
campo de control de longitud fija 00860nam a2200217 a 4500
001 - NÚMERO DE CONTROL
campo de control BRCA_8441
005 - FECHA Y HORA DE LA ÚLTIMA TRANSACCIÓN
campo de control 20190320210300.0
008 - DATOS DE LONGITUD FIJA--INFORMACIÓN GENERAL
campo de control de longitud fija 271015s19uu----fr-a######---#000-0#fre-#
041 ## - CÓDIGO DE LENGUA
Código de lengua del texto/banda sonora o título independiente fre
044 ## - CÓDIGO DEL PAÍS DE LA ENTIDAD EDITORA/PRODUCTORA
Código MARC del país fr
050 #4 - SIGNATURA TOPOGRÁFICA DE LA BIBLIOTECA DEL CONGRESO
Número de clasificación TT778
Número de documento/Ítem .A47 1900
245 10 - MENCIÓN DE TÍTULO
Título Alphabet de la brodeuse
Resto del título [lettres, chiffres, monogrammes et ornements à points comptés, suivis d´une série de modèles avec calques pour broderie de blanc]
Mención de responsabilidad, etc. [edité par Th. de Dillmont].
260 ## - PUBLICACIÓN, DISTRIBUCIÓN, ETC.
Lugar de publicación, distribución, etc. Mulhouse ; Belfort ; París
Nombre del editor, distribuidor, etc. Dollfus-Mieg & Cie, Société Anonyme
Fecha de publicación, distribución, etc. [19-?]
300 ## - DESCRIPCIÓN FÍSICA
Extensión 1 v. (en varias paginaciones)
Otras características físicas il. (algunas a color)
Dimensiones 10 cm.
440 #0 - MENCIÓN DE SERIE/PUNTO DE ACCESO ADICIONAL--TÍTULO
Título [Bibliotèque D.M.C.]
9 (RLIN) 21132
500 ## - NOTA GENERAL
Nota general Estado físico: encuadernado, enero 2016
650 14 - PUNTO DE ACCESO ADICIONAL DE MATERIA--TÉRMINO DE MATERIA
Término de materia o nombre geográfico como elemento de entrada Bordado
Subdivisión de forma Patrones
9 (RLIN) 21133
650 14 - PUNTO DE ACCESO ADICIONAL DE MATERIA--TÉRMINO DE MATERIA
Término de materia o nombre geográfico como elemento de entrada Alfabetos
9 (RLIN) 5465
700 1# - PUNTO DE ACCESO ADICIONAL--NOMBRE DE PERSONA
Nombre de persona [Dillmont, Th. de
Fechas asociadas al nombre 1846-1890
Término indicativo de función/relación ed.]
9 (RLIN) 21134
942 ## - ELEMENTOS DE PUNTO DE ACCESO ADICIONAL (KOHA)
Fuente del sistema de clasificación o colocación Library of Congress Classification
Tipo de ítem Koha Libros
Holdings
Estado de retiro Estado de pérdida Estado dañado No para préstamo Localización permanente Ubicación/localización actual Fecha de adquisición Total de préstamos Signatura topográfica completa Código de barras Fecha visto por última vez Precio válido a partir de Tipo de ítem Koha
El ejemplar forma parte de la colección y puede ser consultado según las políticas vigentes.       Biblioteca del Museo Franz Mayer (Rogerio Casas-Alatriste) Biblioteca del Museo Franz Mayer (Rogerio Casas-Alatriste) 23/10/2015   TT778 .A47 1900 02905 22/03/2019 22/03/2019 Libros